000 02297nam0a2200421 4500
001 RU\NLR\bibl\1858044
005 20260408083658.0
010 _a978-5-7942-0827-6
_9100
021 _aRU
_b2011-102609
_97340
035 _a(nilc)RSL-KNO-005371508
035 _a(NLR Aleph) 001847962
090 _a2362293
_c2362293
100 _a20120110d2011 |||y0rusy50 ca
101 0 _arus
102 _aRU
105 _ay |||||||||
200 1 _aЭкономико-математический подход к измерению инновационного роста
_eмонография
_f[В. Н. Салин, Е.П. Шпаковская, А.А. Попова и др.]
_gпод ред. С. А. Посашкова
_gФедеральное гос. образовательное бюджетное учреждение высш. проф. образования, "Финансовый ун-т при Правительстве Российской Федерации, (Финансовый ун-т)
210 _aМосква
_cФинансовый ун-т
_d2011
215 _a131 с.
_cил., табл.
_d20
300 _aАвт. указаны на обороте тит. л.
320 _aБиблиогр.: с. 126-129
606 1 _aИнновационная деятельность
_xМатематическое моделирование
_92428817
_3RU\NLR\auth\661445847
686 _aУ9(2)0-551.1в611,0
_2rubbk
686 _aУ9(2)-55в611
701 1 _4070
_aСалин
_bВ. Н.
_gВиктор Николаевич
_9144086
_3RU\NLR\AUTH\770144122
701 1 _aШпаковская
_bЕ. П.
_4070
701 1 _4070
_8rus
_7ca
_aПопова
_bА. А.
_cканд. экон. наук
_gАнна Алексеевна
_3RU\NLR\auth\7764810
_947739
702 1 _4340
_8rus
_7ca
_aПосашков
_bС.А.
_gСергей Александрович
_3RU\NLR\AUTH\7723741
_96794
712 0 2 _4570
_aФинансовый университет при Правительстве Российской Федерации
_cМосква
_3RU\NLR\AUTH\8810171129
_9838093
801 0 _aRU
_bRuMoRKP
_c20120110
_grcr
801 1 _aRU
_bРГБ
_c20120110
801 2 _aRU
_bNLR
_c20120118
_grcr
830 _aред по эк
942 _cBOOK
980 _aNB
980 _aNBR